00389nam a2200109Ia 4500008004100000100002900041245004800070260006900118300001100187650001300198856006800211160712s9999 xx 000 0 und d aCordero, Kristian Sendon cKristian Sendon CorderoaOur Lady of Imelda c2014bLikhaan: The Journal of Contemporary Philippine Literature avol. 8 xSANAYSAY uhttp://journals.upd.edu.ph/index.php/lik/issue/view/538/showToc